Score 0/12 Timer 02:00
0 Plays Today
# of Chapters Character % Correct
12Jon Snow
95%
13Arya Stark
94.8%
10Tyrion Lannister
92.3%
7Sansa Stark
91.2%
6Daenerys Targaryen
87.1%
4Bran Stark
82.2%
9Jaime Lannister
81.2%
7Catelyn Tully
76.3%
5Samwell Tarly
59%
6Davos Seaworth
56.6%
1Chett (Prologue)
25.6%
1Merrett Frey (Epilogue)
23.6%
Remove Ads.
Support Sporcle.
Get the best of Sporcle when you Go Orange. This ad-free experience offers more features, more stats, and more fun while also helping to support Sporcle. Thank you for becoming a member.

You're not logged in!

Compare scores with friends on all Sporcle quizzes.
OR
Log In

Show Comments

Extras

Top Quizzes Today


Score Distribution

Your Account Isn't Verified!

In order to create a playlist on Sporcle, you need to verify the email address you used during registration. Go to your Sporcle Settings to finish the process.

Report this User

Report this user for behavior that violates our Community Guidelines.

Details: